000 00324 a2200109 4500
001 ART_48493
005 20260410162042.0
008 260409a
245 1 0 _aLimitación a la deducción de intereses de financiación
100 1 _aBello, Alberto M.
773 0 _tImpuestos
_g- N°44 (ene. 2019)
_wREV45175
999 _c34958
_d34958